Design of concrete structures (Record no. 3622)

000 -LEADER
fixed length control field 00547nam a22002057a 4500
001 - CONTROL NUMBER
control field 3622
003 - CONTROL NUMBER IDENTIFIER
control field BD-DhUET
008 - FIXED-LENGTH DATA ELEMENTS--GENERAL INFORMATION
fixed length control field 141102b xxu||||| |||| 00| 0 eng d
040 ## - CATALOGING SOURCE
Transcribing agency 0
Modifying agency BD-DhUET
082 ## - DEWEY DECIMAL CLASSIFICATION NUMBER
Classification number 624.183
Item number WIN/1972
100 ## - MAIN ENTRY--PERSONAL NAME
Personal name Winter, George
245 ## - TITLE STATEMENT
Title Design of concrete structures
Statement of responsibility, etc. by George Winter and Arthur H. Nilson
250 ## - EDITION STATEMENT
Edition statement 8th ed.
260 ## - PUBLICATION, DISTRIBUTION, ETC. (IMPRINT)
Place of publication, distribution, etc. New York
Name of publisher, distributor, etc. McGraw-Hill
Date of publication, distribution, etc. 1972
300 ## - PHYSICAL DESCRIPTION
Extent xii,615p.
504 ## - BIBLIOGRAPHY, ETC. NOTE
Bibliography, etc Includes bibliographies
650 #0 - SUBJECT ADDED ENTRY--TOPICAL TERM
Topical term or geographic name as entry element Reinforced concrete
700 ## - ADDED ENTRY--PERSONAL NAME
Personal name Nilson, Arthur H.
942 ## - ADDED ENTRY ELEMENTS (KOHA)
Koha item type General Book
Holdings
Sublocation or collection (holding branch) Koha issues (times borrowed) Koha item type Lost status Price effective from Withdrawn status Source of classification or shelving scheme Piece designation (barcode) Shelving location Koha date last borrowed Koha normalized classification for sorting Copy number Not for loan Koha date last seen Damaged status Date acquired Location (home branch) Koha full call number
Central Library, BUET2General Book 2014-11-02  39870Circulation section2025-05-26624_183000000000000_WIN_19721 2025-06-18 2014-11-02Central Library, BUET624.183/WIN/1972
Central Library, BUET1General Book 2014-11-02  44253Circulation section2025-05-26624_000000000000000_183WIN19722 2025-05-28 2014-11-02Central Library, BUET624.183/WIN/1972
Central Library, BUET General Book 2014-11-18  39869Circulation section 624_000000000000000_183WIN19723 2014-11-18 2014-11-18Central Library, BUET624.183/WIN/1972
Central Library, BUET General Book 2014-11-18  39871Circulation section 624_000000000000000_183WIN19724 2014-11-18 2014-11-18Central Library, BUET624.183/WIN/1972
Central Library, BUET2General Book 2015-02-22  42844Circulation section2025-05-27624_183000000000000_WIN_19725 2025-06-28 2015-02-22Central Library, BUET624.183/WIN/1972
Central Library, BUET General Book 2015-02-22  54930Circulation section 624_183000000000000_WIN_19726 2015-02-22 2015-02-22Central Library, BUET624.183/WIN/1972
Central Library, BUET1General Book 2015-05-07  45112Circulation section2025-05-26624_183000000000000_WIN_19727 2025-05-27 2015-05-07Central Library, BUET624.183/WIN/1972